Responsabilidad limitadas (Registro nro. 6233)

Detalles MARC
000 -LEADER
fixed length control field 01310 a2200217 4500
001 - CONTROL NUMBER
control field 57709
005 - DATE AND TIME OF LATEST TRANSACTION
control field 20260407155836.0
008 - FIXED-LENGTH DATA ELEMENTS--GENERAL INFORMATION
fixed length control field 260407a2003 arg spa d
003 - CONTROL NUMBER IDENTIFIER
control field AR-UNSa-BCEJYS
040 ## - CATALOGING SOURCE
Original cataloging agency AR-UNSa-BCEJYS
Language of cataloging spa
Transcribing agency AR-UNSa-BCEJYS
080 ## - UNIVERSAL DECIMAL CLASSIFICATION NUMBER
Universal Decimal Classification number 343.2
Common auxiliary subdivision Derecho penal
020 ## - INTERNATIONAL STANDARD BOOK NUMBER
International Standard Book Number 950-894-384-X
041 ## - LANGUAGE CODE
Language code of text/sound track or separate title spa
100 1# - MAIN ENTRY--PERSONAL NAME
Personal name Pitch, Tamar
245 10 - TITLE STATEMENT
Title Responsabilidad limitadas
Name of part/section of a work actores, conflictos y justicia penal
264 #1 - PRODUCTION, PUBLICATION, DISTRIBUTION, MANUFACTURE, AND COPYRIGHT NOTICE
Place of production, publication, distribution, manufacture Buenos Aires :
Name of producer, publisher, distributor, manufacturer AD-HOC
Date of production, publication, distribution, manufacture, or copyright notice 2003
300 ## - PHYSICAL DESCRIPTION
Extent 319 p.
Dimensions 23 cm.
505 ## - FORMATTED CONTENTS NOTE
Formatted contents note 1. Procesos y productos del control social. Uso y abuso de un concepto - 2. Estudiando la "cuestión criminal". El objeto de la criminología y la responsabilidad de los criminólogos - 3. Investigaciones radicales, políticas "no fundadas" - 4. ¿Mejor los jinetes que los caballos? El uso del potencial simbólico de la justicia penal por parte de los actores en conflicto - 5. La cuestión de la desviación juvenil - 6. Responsabilidad penal y enfermedad mental. Justicia penal y psiquiatría reformada en Italia - 7. De la opresión a la victimización. El debate sobre la ley Merlin - 8. De la victimización a la autonomía. Las mujeres, el feminismo y la ley sobre la violación - 9. Una política de la soberanía
590 ## - LOCAL NOTE (RLIN)
Local note niveau_biblio:m niveau_hierar:0
942 ## - ADDED ENTRY ELEMENTS (KOHA)
Koha item type
Existencias
Withdrawn status Lost status Damaged status Not for loan Home library Current library Shelving location Date acquired Total checkouts Full call number Barcode Date last seen Price effective from Koha item type
        Biblioteca Prof. Eusebio Cleto del Rey Biblioteca Prof. Eusebio Cleto del Rey   07/04/2026   343.2 P682r L128809 07/04/2026 07/04/2026 Libro